000 00678nam a2200229Ia 4500
003 OSt
005 20220928114156.0
006 a|||||r|||| 00| 0
007 ta
008 220927b |||||||| |||| 00| 0 eng d
024 _a26440
037 _cReference Collections
040 _aSDCL
_cSDCL
_beng
041 _2eng
_aeng
082 _aO-g, N4 RR
100 _aSheppard Roger Ed.
_9437293
245 0 _aDirectory of literary societies and author collections.
260 _aLondon
_bLibrary Association Publishing
_c1994
300 _aviii,288p
_ccm.
942 _hO-g, N4 RR
_cREF
_2CC
999 _c753248
_d753248